Destination UK : international property investment and the role of taxation. (Record no. 100347)

MARC details
000 -LEADER
fixed length control field 00828cam a2200217 4500
008 - FIXED-LENGTH DATA ELEMENTS--GENERAL INFORMATION
fixed length control field 000000n2000 000 0 eng u
020 ## - INTERNATIONAL STANDARD BOOK NUMBER
International Standard Book Number 1899769285
035 ## - SYSTEM CONTROL NUMBER
System control number (Sirsi) u105285
050 ## - LIBRARY OF CONGRESS CALL NUMBER
Classification number 332.6324
100 ## - MAIN ENTRY--PERSONAL NAME
Personal name Dixon, Tim
110 ## - MAIN ENTRY--CORPORATE NAME
Corporate name or jurisdiction name as entry element College of Estate Management
9 (RLIN) 400
245 ## - TITLE STATEMENT
Title Destination UK : international property investment and the role of taxation.
260 ## - PUBLICATION, DISTRIBUTION, ETC.
Place of publication, distribution, etc. Reading
Name of publisher, distributor, etc. College of Estate Management
Date of publication, distribution, etc. 2000
300 ## - PHYSICAL DESCRIPTION
Extent xii,144p. ; 30cm.
350 ## - PRICE (NR) (BK AM CF MU VM SE) [OBSOLETE]
Price 30.00
520 ## - SUMMARY, ETC.
Summary, etc. The research, carried out under the auspices of the Investment Property Forum, is based on an international survey of foreign investors and their advisers.
650 ## - SUBJECT ADDED ENTRY--TOPICAL TERM
Topical term or geographic name entry element OVERSEAS INVESTORS
650 ## - SUBJECT ADDED ENTRY--TOPICAL TERM
Topical term or geographic name entry element FOREIGN INVESTMENT
690 ## - LOCAL SUBJECT ADDED ENTRY--TOPICAL TERM (OCLC, RLIN)
Topical term or geographic name as entry element PROPERTY-COMMERCIAL PROPERTY-COMMERCIAL PROPERTY FINANCE AND INVESTMENT
942 ## - ADDED ENTRY ELEMENTS (KOHA)
Suppress in OPAC 0
Holdings
Withdrawn status Lost status Source of classification or shelving scheme Damaged status Not for loan Home library Current library Shelving location Date acquired Cost, normal purchase price Total Checkouts Full call number Barcode Date last seen Date last checked out Copy number Cost, replacement price Price effective from Koha item type
    Dewey Decimal Classification     London London Folio 27/04/2000 25.50 13 F332.6324 DIX 30061216 06/08/2019 27/04/2007 1 25.50 06/08/2019 Book